| 000 | 01176nam a2200349 i 4500 | ||
|---|---|---|---|
| 001 | 12388 | ||
| 003 | KOSZ 005 | ||
| 005 | 20200421141310.0 | ||
| 008 | 071006s1968 pl f d 000 0 pol | ||
| 015 | _aPB 1968/2614 | ||
| 040 |
_aWA N _cWA N _dKOSZ 005/RW _dKOSZ 005/HR |
||
| 041 | 0 |
_aeng _apol |
|
| 046 | _k1968 | ||
| 080 | _a62(038)162.1=111 | ||
| 245 | 0 | 0 |
_aSłownik techniczny angielsko-polski / _cred. S. Czerni, M. Skrzyńska. |
| 246 | 1 | 5 | _aEnglish-Polish technological dictionary. |
| 250 | _aWyd. 2 popr. i rozsz. | ||
| 260 |
_aWarszawa : _bWydawnictwa Naukowo-Techniczne, _c1968. |
||
| 300 |
_a[8], 807, [1] ; _c23 cm. |
||
| 380 | _aKsiążki. | ||
| 388 | _a1901-2000 | ||
| 658 | _aInżynieria i technika | ||
| 658 | _aJęzykoznawstwo | ||
| 650 | 4 | _aTechnika | |
| 655 | 4 | _aSłownik terminologiczny | |
| 655 | 4 | _aSłownik angielsko-polski | |
| 710 | 2 |
_aWydawnictwa Naukowo-Techniczne _4pbl. |
|
| 700 | 1 |
_aCzerni, Sergiusz _eRedakcja |
|
| 700 | 1 |
_aSkrzyńska, Maria _eRedakcja |
|
| 856 |
_uhttp://koha.tu.koszalin.pl/cgi-bin/koha/opac-detail.pl?biblionumber=12388 _yKatalog online BPK |
||
| 942 |
_2UKD _cKS |
||
| 999 |
_c12388 _d12388 |
||